000 00437cam a2200169ua 4500
001 5659
008 131009n ii |||gr||||Z||||||eng
040 _cMAIN
082 _a954.162
100 _aBorpuzari,H.K,
_eEditor.
245 _aComprehensive History of Assam
_bVol.V
260 _aGuwahati:
_bPublication Board Assam,
_c2004.
300 _axviii,256p.
653 _aHistory
653 _aComprehensive History Of Assam
942 _cBK
999 _c4818
_d4818